Quiz Vampire Diaries saison 2 - Statistiques

Statistiques générales
  • Ce quiz a été pris 242 fois
  • Le résultat moyen est 16 sur 22
Statistiques - réponses
Question Réponse % Correct
Pourquoi Elena et Stefan se disputent-ils à la fin de l'épisode 4 ? Pour faire croire à Katherine qu'ils ne s'aiment plus
95%
Qui s'embrassent en haut de la grande roue ? Stefan et Elena
91%
Qui Katherine fuit-elle ? Klaus
89%
Pourquoi Elena rompt-elle avec Stefan à la fin de l'épisode 6 ? Parce que Katherine a menacé de s'en prendre aux gens qu'elle aime si elle ne le faisait pas
89%
Pourquoi Stefan et Damon ne tuent pas Katherine ? Parce qu'une sorcière a lié Katherine à Elena
89%
Qui se transforme en loup-garou, suite au déclenchement de la malédiction pendant l'épisode 7 ? Tyler Lockwood
89%
Qui meurent ? Jules, Jenna, John
88%
Quel est le remède contre une morsure de loup-garou ? Le sang de Klaus
88%
Où vont Stefan et Elena pendant un week-end ? Au chalet sur le lac
87%
Qui se fait mordre par un loup-garou et que Damon tue par la suite ? Rose
87%
Qui se fait mordre par un loup-garou ? Damon
83%
De quel corps Klaus prend-il possession ? Alaric
81%
Qui se prend une flèche dans le dos ? Damon
77%
Qui se fait piéger dans la tombe avec Katherine ? Stefan
77%
Qui dévoile la vraie nature de Stefan et Damon ? Mason Lockwood (l'oncle de Tyler)
73%
Qui enlève Elena ? Rose & Trevor
72%
Qui se fait capturer par les loups ? Caroline
67%
Qui se suicide dans l'épisode 17 ? Isobel
67%
Comment tuer un Original ? Avec un pieu en chêne blanc
58%
Quelle est la vraie malédiction ? La malédiction de Klaus
31%
Qui transforme Caroline en vampire ? Damon et Katherine
30%
Qui est de retour dans l'épisode 16 ? Katherine
17%
Aucun quiz correspondant
Distribution des résultats
% des personnes avec chaque résultat
Percentile par nombre de réponses
Votre historique - résultats
Vous n’avez pas pris ce quiz